| 000 -LEADER |
| fixed length control field |
01799cam a2200409 a 4500 |
| 001 - CONTROL NUMBER |
| control field |
.b55584238 |
| 003 - CONTROL NUMBER IDENTIFIER |
| control field |
OCoLC |
| 005 - DATE AND TIME OF LATEST TRANSACTION |
| control field |
20190729115044.0 |
| 008 - FIXED-LENGTH DATA ELEMENTS--GENERAL INFORMATION |
| fixed length control field |
960502s1996 nyu 000 j eng |
| 010 ## - LIBRARY OF CONGRESS CONTROL NUMBER |
| LC control number |
96143814 |
| 015 ## - NATIONAL BIBLIOGRAPHY NUMBER |
| National bibliography number |
GB9665499 |
| Source |
bnb |
| 020 ## - INTERNATIONAL STANDARD BOOK NUMBER |
| International Standard Book Number |
0486289184 (pbk.) |
| 020 ## - INTERNATIONAL STANDARD BOOK NUMBER |
| International Standard Book Number |
9780486289182 (pbk.) |
| 035 ## - SYSTEM CONTROL NUMBER |
| System control number |
(OCoLC)34912935 |
| Canceled/invalid control number |
(OCoLC)35599475 |
| -- |
(OCoLC)422696543 |
| 040 ## - CATALOGING SOURCE |
| Original cataloging agency |
DLC |
| Language of cataloging |
eng |
| Transcribing agency |
DLC |
| Modifying agency |
UKM |
| -- |
BAKER |
| -- |
OCLCF |
| 041 1# - LANGUAGE CODE |
| Language code of text/sound track or separate title |
eng |
| -- |
fre |
| Language code of original |
fre |
| 042 ## - AUTHENTICATION CODE |
| Authentication code |
nbic |
| 082 00 - DEWEY DECIMAL CLASSIFICATION NUMBER |
| Classification number |
FIC MAU |
| Edition number |
20 |
| 100 1# - MAIN ENTRY--PERSONAL NAME |
| Personal name |
Maupassant, Guy de, |
| Dates associated with a name |
1850-1893. |
| Relator term |
author |
| 240 10 - UNIFORM TITLE |
| Uniform title |
Short stories. |
| Form subheading |
Selections. |
| Language of a work |
English & French. |
| 245 10 - TITLE STATEMENT |
| Title |
Best short stories = |
| Remainder of title |
Les meilleurs contes / |
| Statement of responsibility, etc. |
Guy de Maupassant ; translated and edited by Steven Jupiter. |
| 246 31 - VARYING FORM OF TITLE |
| Title proper/short title |
Meilleurs contes. |
| 260 ## - PUBLICATION, DISTRIBUTION, ETC. |
| Place of publication, distribution, etc. |
New York, N.Y. : |
| Name of publisher, distributor, etc. |
Dover Publications, |
| Date of publication, distribution, etc. |
c1996. |
| 300 ## - PHYSICAL DESCRIPTION |
| Extent |
x, 245 p. ; |
| Dimensions |
22 cm. |
| 490 1# - SERIES STATEMENT |
| Series statement |
A dual-language book. |
| 505 00 - FORMATTED CONTENTS NOTE |
| Title |
Boule de suif --La |
| -- |
Tellier =The |
| -- |
Tellier establishment -- |
| -- |
Mademoiselle Fifi -- |
| -- |
Miss Harriet --La |
| -- |
ficelle =The |
| -- |
piece of string --La |
| -- |
parure =The |
| -- |
necklace --Le |
| -- |
Horla =The |
| -- |
Horla. |
| 546 ## - LANGUAGE NOTE |
| Language note |
Parallel French text and English translation. |
| 600 10 - SUBJECT ADDED ENTRY--PERSONAL NAME |
| Personal name |
Maupassant, Guy de, |
| Dates associated with a name |
1850-1893 |
| General subdivision |
Translations into English. |
| 600 17 - SUBJECT ADDED ENTRY--PERSONAL NAME |
| Personal name |
Maupassant, Guy de, |
| Dates associated with a name |
1850-1893. |
| Source of heading or term |
fast |
| Authority record control number or standard number |
(OCoLC)fst00038127. |
| 655 #7 - INDEX TERM--GENRE/FORM |
| Genre/form data or focus term |
Translations. |
| Source of term |
fast |
| Authority record control number or standard number |
(OCoLC)fst01423791. |
| 700 1# - ADDED ENTRY--PERSONAL NAME |
| Personal name |
Jupiter, Steven. |
| Relator term |
Translator |
| 830 #0 - SERIES ADDED ENTRY--UNIFORM TITLE |
| Uniform title |
Dual-language book. |
| 856 42 - ELECTRONIC LOCATION AND ACCESS |
| Materials specified |
Publisher description |
| Uniform Resource Identifier |
<a href="http://catdir.loc.gov/catdir/description/dover031/96143814.html">http://catdir.loc.gov/catdir/description/dover031/96143814.html</a> |
| 856 41 - ELECTRONIC LOCATION AND ACCESS |
| Materials specified |
Table of contents only |
| Uniform Resource Identifier |
<a href="http://catdir.loc.gov/catdir/enhancements/fy1318/96143814-t.html">http://catdir.loc.gov/catdir/enhancements/fy1318/96143814-t.html</a> |
| 856 42 - ELECTRONIC LOCATION AND ACCESS |
| Materials specified |
Publisher description |
| Uniform Resource Identifier |
<a href="http://www.loc.gov/catdir/description/dover031/96143814.html">http://www.loc.gov/catdir/description/dover031/96143814.html</a> |
| 942 ## - ADDED ENTRY ELEMENTS (KOHA) |
| Source of classification or shelving scheme |
|
| Koha item type |
Books - Fiction |